[Event "FRA-ch Blitz"]
[Site "Asnieres sur Seine"]
[Date "2023.06.24"]
[Round "6"]
[White "Lagarde, Maxime"]
[Black "Iglesias, Jorge"]
[Result "1-0"]
[WhiteElo "2597"]
[BlackElo "2223"]
[PlyCount "93"]
[EventDate "2023.06.24"]
[EventType "swiss (blitz)"]
[EventRounds "13"]
[EventCountry "FRA"]
[SourceTitle "CBM 214 Extra"]
[Source "ChessBase"]
[SourceDate "2023.07.31"]
[SourceVersion "1"]
[SourceVersionDate "2023.07.31"]
[SourceQuality "1"]

1. e4 c6 2. d4 d5 3. e5 c5 4. Nf3 cxd4 5. Qxd4 Nc6 6. Qf4 e6 7. Bd3 Nb4 8. 0-0 Nxd3 9. cxd3 Ne7 10. Nc3 Bd7 11. a4 Ng6 12. Qg3 Be7 13. Bg5 0-0 14. h4 h6 15. Bxe7 Nxe7 16. Ne2 a5 17. Nf4 Nf5 18. Qh3 d4 19. g4 Ne7 20. g5 Bc6 21. Kh2 Ng6 22. Nxg6 fxg6 23. Nd2 Rf5 24. f4 h5 25. Ne4 Qd5 26. Rf2 Raf8 27. Raf1 Bxa4 28. Nd6 Bc6 29. Nxf5 Rxf5 30. Re1 a4 31. Qf1 Kh7 32. Re4 Qc5 33. Re1 Qd5 34. Rfe2 b5 35. Re4 Qc5 36. Rc1 Qb6 37. Re2 Ba8 38. Rec2 b4 39. Rc8 Qb7 40. R1c7 Qd5 41. Rc5 Qb7 42. R8c7 Qb6 43. Qc1 a3 44. bxa3 bxa3 45. Re7 a2 46. Rcc7 Kh8 47. Rxg7 1-0

[Event "Platja d'Aro op 9th"]
[Site "Platja d'Aro"]
[Date "2022.12.27"]
[Round "3"]
[White "Iglesias, Jorge"]
[Black "Clot Chico, Arnau"]
[Result "1/2-1/2"]
[WhiteElo "2273"]
[BlackElo "2011"]
[PlyCount "47"]
[EventDate "2022.12.26"]
[EventType "swiss"]
[EventRounds "9"]
[EventCountry "ESP"]
[SourceTitle "CBM 211 Extra"]
[Source "ChessBase"]
[SourceDate "2023.01.31"]
[SourceVersion "1"]
[SourceVersionDate "2023.01.31"]
[SourceQuality "1"]

1. Nf3 Nf6 2. d4 e6 3. g3 c5 4. Bg2 Nc6 5. 0-0 b6 6. c4 cxd4 7. Nxd4 Bb7 8. Nb5 Na5 9. Bf4 Rc8 10. b3 Bxg2 11. Kxg2 a6 12. Nd6+ Bxd6 13. Qxd6 Rc6 14. Qd4 d6 15. Bd2 Nb7 16. Nc3 0-0 17. e4 e5 18. Qe3 Nc5 19. Rad1 b5 20. cxb5 axb5 21. b4 Ne6 22. Nxb5 d5 23. Bc1 d4 24. Qb3 1/2-1/2

[Event "La Pobla de Lillet op-A 30th"]
[Site "La Pobla de Lillet"]
[Date "2021.08.10"]
[Round "9"]
[White "Prieto Aranguren, Alain"]
[Black "Iglesias, Jorge"]
[Result "1/2-1/2"]
[WhiteElo "2220"]
[BlackElo "2286"]
[PlyCount "26"]
[EventDate "2021.08.02"]
[EventType "swiss"]
[EventRounds "9"]
[EventCountry "ESP"]
[SourceTitle "EXT 2022"]
[Source "ChessBase"]
[SourceDate "2021.10.06"]
[SourceVersion "1"]
[SourceVersionDate "2021.10.06"]
[SourceQuality "1"]

1. d4 d5 2. c4 e6 3. Nc3 c5 4. cxd5 cxd4 5. Qa4+ Bd7 6. Qxd4 exd5 7. e3 Nc6 8. Qd1 Nf6 9. Nf3 Bb4 10. Bd2 0-0 11. Be2 Re8 12. 0-0 a6 13. Rc1 Qe7 1/2-1/2

[Event "Catalunya-chT GpA final"]
[Site "Barcelona"]
[Date "2018.03.10"]
[Round "1.4"]
[White "Iglesias, Jorge"]
[Black "Diaz Camallonga, Carles"]
[Result "1/2-1/2"]
[WhiteElo "2296"]
[BlackElo "2463"]
[PlyCount "113"]
[EventDate "2018.03.10"]
[EventType "team-tourn"]
[EventRounds "4"]
[EventCountry "ESP"]
[SourceTitle "CBM 183 Extra"]
[Source "ChessBase"]
[SourceDate "2018.04.19"]
[SourceVersion "1"]
[SourceVersionDate "2018.04.19"]
[SourceQuality "1"]
[WhiteTeam "Sant Josep de Badalona"]
[BlackTeam "Colon Sabadell"]
[WhiteTeamCountry "ESP"]
[BlackTeamCountry "ESP"]

1. c4 e6 2. Nc3 Bb4 3. e4 Ne7 4. d4 d5 5. a3 Bxc3+ 6. bxc3 dxe4 7. Qg4 0-0 8. Qxe4 e5 9. Nf3 exd4 10. cxd4 Re8 11. Be2 Nbc6 12. Be3 Nf5 13. Qd3 Qe7 14. Kd2 Nd6 15. Kc1 Bf5 16. Qb3 Na5 17. Qc3 b6 18. Nd2 Rad8 19. Kb2 Ne4 20. Nxe4 Bxe4 21. Rhg1 Bg6 22. g3 Qf6 23. Rad1 Nb7 24. Rge1 Nd6 25. f3 c5 26. Bg1 Nf5 27. d5 Ne3 28. Bxe3 Qxc3+ 29. Kxc3 Rxe3+ 30. Bd3 Rxf3 31. Kc2 Rxd3 32. Rxd3 Kf8 33. Kc3 Bxd3 34. Kxd3 Re8 35. Ra1 Ke7 36. a4 Rb8 37. a5 b5 38. Rd1 a6 39. cxb5 Rxb5 40. Kc4 Rxa5 41. Rb1 Ra2 42. Kxc5 Rc2+ 43. Kd4 Rxh2 44. Rb7+ Kd6 45. Rxf7 Rd2+ 46. Kc4 Rc2+ 47. Kd4 Rc7 48. Rf8 Rb7 49. Rd8+ Ke7 50. Ra8 Rb3 51. Ra7+ Kf6 52. Rxa6+ Kf5 53. g4+ Kxg4 54. Ra7 g5 55. Rxh7 Rb1 56. d6 Rd1+ 57. Ke5 1/2-1/2

[Event "Catalunya-chT Gp2"]
[Site "Barcelona"]
[Date "2018.03.03"]
[Round "7.4"]
[White "Iglesias, Jorge"]
[Black "Santiago, Yago de Moura"]
[Result "1/2-1/2"]
[WhiteElo "2296"]
[BlackElo "2496"]
[PlyCount "132"]
[EventDate "2018.01.20"]
[EventType "team-tourn"]
[EventRounds "7"]
[EventCountry "ESP"]
[SourceTitle "EXT 2019"]
[Source "ChessBase"]
[SourceDate "2018.10.10"]
[SourceVersion "1"]
[SourceVersionDate "2018.10.10"]
[SourceQuality "1"]
[WhiteTeam "Sant Josep de Badalona"]
[BlackTeam "Mollet"]
[WhiteTeamCountry "ESP"]
[BlackTeamCountry "ESP"]

1. c4 e6 2. Nc3 d5 3. d4 Nf6 4. Bg5 c6 5. e3 Nbd7 6. Nf3 Qa5 7. Nd2 Bb4 8. Bxf6 Nxf6 9. Qc2 c5 10. dxc5 dxc4 11. Bxc4 Qxc5 12. a3 Bxc3 13. Qxc3 0-0 14. Rc1 Bd7 15. Be2 Qxc3 16. Rxc3 Rac8 17. 0-0 Rxc3 18. bxc3 Rc8 19. c4 Kf8 20. Rb1 Bc6 21. Kf1 Nd7 22. Bf3 Bxf3 23. Nxf3 b6 24. Rd1 Ke7 25. Rd4 Rc5 26. Nd2 Ra5 27. Rd3 Ne5 28. Rc3 f5 29. Ke2 Nd7 30. Kd3 e5 31. f3 Kf6 32. Kc2 Nc5 33. Kb1 Ne6 34. g3 Rc5 35. Rd3 Rc7 36. Kb2 g6 37. Rd5 Nc5 38. Kc2 Nd7 39. Kd3 Ke6 40. Ke2 Rc8 41. Rb5 Nc5 42. Rb1 g5 43. h3 h5 44. Rg1 Rd8 45. g4 hxg4 46. hxg4 Rh8 47. gxf5+ Kxf5 48. Rg2 Rh1 49. Nf1 Rh4 50. Nd2 Kf6 51. Rf2 Kf5 52. Rg2 e4 53. fxe4+ Nxe4 54. Nf3 Rh1 55. Nd4+ Kg6 56. Kf3 Nf6 57. Ne6 g4+ 58. Kf4 Rc1 59. Ke5 Rxc4 60. Nf4+ Kf7 61. Nd5 Nd7+ 62. Kf5 Ra4 63. e4 Rxa3 64. e5 Rf3+ 65. Nf4 Nc5 66. Kxg4 Rf1 1/2-1/2

[Event "Catalunya-chT Gp2"]
[Site "Barcelona"]
[Date "2018.02.03"]
[Round "3.5"]
[White "Mateos Rozas, Miguel Angel"]
[Black "Iglesias, Jorge"]
[Result "1-0"]
[WhiteElo "2148"]
[BlackElo "2296"]
[PlyCount "64"]
[EventDate "2018.01.20"]
[EventType "team-tourn"]
[EventRounds "7"]
[EventCountry "ESP"]
[SourceTitle "CBM 182 Extra"]
[Source "ChessBase"]
[SourceDate "2018.02.23"]
[SourceVersion "1"]
[SourceVersionDate "2018.02.23"]
[SourceQuality "1"]
[WhiteTeam "St Cugat"]
[BlackTeam "Sant Josep de Badalona"]
[WhiteTeamCountry "ESP"]
[BlackTeamCountry "ESP"]

1. e4 c5 2. Nf3 d6 3. d4 cxd4 4. Nxd4 Nf6 5. Nc3 a6 6. Bc4 e6 7. Be3 b5 8. Bb3 b4 9. Na4 Bd7 10. Ne2 Bc6 11. f3 Nbd7 12. Nd4 Bb7 13. Qe2 Qc7 14. 0-0-0 d5 15. Kb1 Be7 16. Bf2 dxe4 17. Bg3 Qa5 18. fxe4 0-0 19. e5 Nd5 20. Rhe1 Rad8 21. Qg4 Nc5 22. Nxc5 Qxc5 23. Rd3 Qb6 24. h4 Bc5 25. Bf2 Rfe8 26. h5 Nc7 27. Rg3 Bf8 28. Be3 Qc5 29. Nxe6 Qxe5 30. Nxd8 Rxd8 31. Qf4 Qxh5 32. Bc1 Bd6 1-0

[Event "Benidorm op U2300 16th"]
[Site "Benidorm"]
[Date "2017.12.09"]
[Round "10"]
[White "Iglesias, Jorge"]
[Black "Zohaib Hassan, Mohamed"]
[Result "0-1"]
[WhiteElo "2291"]
[BlackElo "2231"]
[PlyCount "114"]
[EventDate "2017.12.01"]
[EventType "swiss"]
[EventRounds "10"]
[EventCountry "ESP"]
[SourceTitle "EXT 2019"]
[Source "ChessBase"]
[SourceDate "2018.10.10"]
[SourceVersion "1"]
[SourceVersionDate "2018.10.10"]
[SourceQuality "1"]

1. c4 e5 2. Nc3 Nc6 3. Nf3 f5 4. d4 e4 5. Bg5 Nf6 6. Nd2 Be7 7. e3 0-0 8. Be2 d6 9. 0-0 h6 10. Bxf6 Bxf6 11. Nd5 Bg5 12. f4 exf3 13. Nxf3 Ne7 14. Nf4 Qe8 15. Kh1 Bf6 16. Qb3 c6 17. Bd3 g5 18. Ne2 Bg7 19. Rae1 Ng6 20. Ng3 g4 21. Ng1 Nh4 22. Qc2 Qg6 23. N1e2 Qg5 24. Nf4 Bd7 25. Nfh5 Rae8 26. Qf2 Bh8 27. Nf4 c5 28. d5 Be5 29. Nge2 Re7 30. Ne6 Bxe6 31. dxe6 Rxe6 32. Nf4 Re7 33. Rb1 a5 34. a3 Rfe8 35. b4 axb4 36. axb4 b6 37. Nd5 Rf7 38. Nxb6 g3 39. Qc2 gxh2 40. Nd5 cxb4 41. Rxb4 Kh8 42. Nf4 Rg7 43. c5 dxc5 44. Rb6 Reg8 45. Bc4 Re8 46. Bd5 Kh7 47. Ne6 Rxe6 48. Rxe6 Qxe3 49. Qb1 Qd4 50. Bc6 c4 51. Qc1 Rg6 52. Re7+ Bg7 53. Bb7 c3 54. Rd1 Qf2 55. Qxc3 Rxg2 56. Qc1 Nf3 57. Ree1 Rg1+ 0-1

[Event "Benidorm op U2300 16th"]
[Site "Benidorm"]
[Date "2017.12.01"]
[Round "1"]
[White "Mataix Arbona, Cesar"]
[Black "Iglesias, Jorge"]
[Result "0-1"]
[WhiteElo "2074"]
[BlackElo "2291"]
[PlyCount "126"]
[EventDate "2017.12.01"]
[EventType "swiss"]
[EventRounds "10"]
[EventCountry "ESP"]
[SourceTitle "EXT 2019"]
[Source "ChessBase"]
[SourceDate "2018.10.10"]
[SourceVersion "1"]
[SourceVersionDate "2018.10.10"]
[SourceQuality "1"]

1. d4 c5 2. c3 cxd4 3. cxd4 d5 4. Nc3 Nc6 5. Nf3 Nf6 6. Bf4 e6 7. e3 Nh5 8. Bg5 Qb6 9. Bb5 h6 10. Bh4 g5 11. Ne5 Nf4 12. exf4 gxh4 13. Qa4 Bd7 14. Nxd7 Kxd7 15. 0-0 Bg7 16. Rfd1 a6 17. Bxc6+ Qxc6 18. Qxc6+ Kxc6 19. Kf1 b5 20. a4 Rhb8 21. a5 Rc8 22. Ke2 Kd7 23. Rd3 Rc4 24. Rad1 Bf6 25. b3 Rc6 26. Kf3 Rac8 27. Na2 Be7 28. f5 Bd6 29. R1d2 Rg8 30. fxe6+ fxe6 31. Rd1 Rcc8 32. g3 Rgf8+ 33. Ke2 Bc7 34. b4 Bd6 35. f4 Rc4 36. Rb3 h5 37. Rd2 hxg3 38. hxg3 h4 39. gxh4 Bxf4 40. Rf3 Rf5 41. Rb2 Rxd4 42. Nc3 Re5+ 43. Kf1 Bc1 44. Rc2 Rxh4 45. Ne2 Be3 46. Rf7+ Kd6 47. Ng3 Rf4+ 48. Rxf4 Bxf4 49. Ne2 Be3 50. Rc8 Rf5+ 51. Ke1 Rf7 52. Nc3 Ke5 53. Nd1 Ke4 54. Rc6 e5 55. Rxa6 d4 56. Re6 Bf4 57. Nf2+ Kd5 58. Rb6 Bg3 59. a6 Rxf2 60. Rxb5+ Kc4 61. Ra5 Rf7+ 62. Ke2 Rf2+ 63. Kd1 d3 0-1

[Event "Sabadell Coral Colon"]
[Site "Sabadell"]
[Date "2017.02.10"]
[Round "2"]
[White "Villar Reymundo, Juan Antonio"]
[Black "Iglesias, Jorge"]
[Result "1/2-1/2"]
[WhiteElo "2203"]
[BlackElo "2283"]
[PlyCount "24"]
[EventDate "2017.02.03"]
[EventType "tourn"]
[EventRounds "9"]
[EventCountry "ESP"]
[EventCategory "3"]
[SourceTitle "CBM 177 Extra"]
[Source "ChessBase"]
[SourceDate "2017.04.27"]
[SourceVersion "1"]
[SourceVersionDate "2017.04.27"]
[SourceQuality "1"]

1. d4 Nf6 2. c4 e6 3. g3 Bb4+ 4. Bd2 Qe7 5. Nf3 Nc6 6. Nc3 d5 7. a3 Bxc3 8. Bxc3 Ne4 9. Qb3 0-0 10. Bg2 Rd8 11. Rg1 a5 12. a4 Ra6 1/2-1/2

[Event "PRO League Atlantic"]
[Site "Chess.com INT"]
[Date "2017.01.18"]
[Round "2"]
[White "Iglesias, Jorge"]
[Black "Perez Ponsa, Federico"]
[Result "1/2-1/2"]
[WhiteElo "2283"]
[BlackElo "2583"]
[PlyCount "99"]
[EventDate "2017.01.11"]
[EventType "team-swiss (rapid)"]
[EventRounds "7"]
[EventCountry "USA"]
[SourceTitle "CBM 176 Extra"]
[Source "ChessBase"]
[SourceDate "2017.03.02"]
[SourceVersion "1"]
[SourceVersionDate "2017.03.02"]
[SourceQuality "1"]
[WhiteTeam "Patagonia Penguins"]
[BlackTeam "Buenos Aires Krakens"]
[WhiteTeamCountry "ARG"]
[BlackTeamCountry "ARG"]

1. c4 e5 2. Nc3 Bb4 3. Qc2 c6 4. a3 Ba5 5. b4 Bc7 6. Nf3 Nf6 7. d3 h6 8. e4 0-0 9. Be2 d6 10. h3 Re8 11. 0-0 Nbd7 12. Re1 Nf8 13. Bf1 Ng6 14. d4 Nh5 15. dxe5 dxe5 16. Nh2 Nhf4 17. Kh1 Ne6 18. Be3 Nd4 19. Qb2 a5 20. Rad1 Qf6 21. Ne2 Nxe2 22. Bxe2 axb4 23. axb4 Nf4 24. Bf1 Be6 25. Ra1 Rad8 26. Red1 Qg6 27. Bxf4 exf4 28. f3 Qg5 29. Qc2 Be5 30. Rxd8 Rxd8 31. Rd1 h5 32. Be2 Qe7 33. c5 g6 34. Nf1 Kg7 35. Nd2 Ra8 36. Bc4 Bc8 37. Bf1 Qf6 38. Nc4 Be6 39. Nxe5 Qxe5 40. Bc4 Ra3 41. Bxe6 fxe6 42. Qd2 Ra1 43. Qd7+ Kh6 44. Rxa1 Qxa1+ 45. Kh2 Qe1 46. Qxe6 Qg3+ 47. Kg1 Qe1+ 48. Kh2 Qg3+ 49. Kg1 Qe1+ 50. Kh2 1/2-1/2

[Event "PRO League Atlantic"]
[Site "Chess.com INT"]
[Date "2017.01.18"]
[Round "2"]
[White "Iglesias, Jorge"]
[Black "Sanhueza, Cristian"]
[Result "1-0"]
[WhiteElo "2283"]
[BlackElo "2257"]
[PlyCount "183"]
[EventDate "2017.01.11"]
[EventType "team-swiss (rapid)"]
[EventRounds "7"]
[EventCountry "USA"]
[SourceTitle "CBM 176 Extra"]
[Source "ChessBase"]
[SourceDate "2017.03.02"]
[SourceVersion "1"]
[SourceVersionDate "2017.03.02"]
[SourceQuality "1"]
[WhiteTeam "Patagonia Penguins"]
[BlackTeam "Buenos Aires Krakens"]
[WhiteTeamCountry "ARG"]
[BlackTeamCountry "ARG"]

1. e4 e5 2. Nf3 Nc6 3. Bb5 a6 4. Ba4 Nf6 5. d3 b5 6. Bb3 Be7 7. a3 0-0 8. 0-0 h6 9. Nc3 d6 10. Ne2 Be6 11. Bxe6 fxe6 12. Ng3 Qe8 13. d4 exd4 14. Nxd4 Nxd4 15. Qxd4 Nd7 16. Qd1 Nc5 17. Qg4 Rf6 18. Be3 Rg6 19. Qe2 Qc6 20. f3 Bf6 21. c3 Bh4 22. Bf2 Rf8 23. b4 Na4 24. Rac1 Nb6 25. Qd3 Nc4 26. Rfe1 Bxg3 27. Bxg3 e5 28. Ra1 Nb6 29. Rac1 Kh7 30. Bf2 Nc4 31. Bg3 Nxa3 32. Rf1 Nc4 33. Kh1 Kh8 34. Rf2 Nb6 35. Ra2 Nc4 36. Rca1 Ra8 37. Bh4 Re6 38. Qd5 Qxd5 39. exd5 Ree8 40. Re2 g5 41. Bf2 a5 42. bxa5 Rxa5 43. Rxa5 Nxa5 44. Ra2 Nc4 45. Ra7 Nb6 46. Rxc7 Nxd5 47. Rc6 Ra8 48. g3 Ra2 49. Kg1 Rc2 50. Rxd6 Nxc3 51. Rxh6+ Kg7 52. Rb6 Rb2 53. Kf1 b4 54. h4 gxh4 55. gxh4 b3 56. Bg3 Rb1+ 57. Kg2 Nd5 58. Bxe5+ Kh7 59. Rb5 Ne3+ 60. Kg3 Kg6 61. Kf4 Nc4 62. Bc3 Rh1 63. Rxb3 Rxh4+ 64. Kg3 Rh1 65. Rb4 Ne3 66. Rb6+ Kf5 67. Rf6+ Kg5 68. f4+ Kh5 69. Kf3 Nd5 70. Rf5+ Kg6 71. Rg5+ Kf7 72. Be5 Rd1 73. Ke4 Ne7 74. Rg7+ Kf8 75. Rg5 Re1+ 76. Kf3 Kf7 77. Bc3 Rc1 78. Bb4 Rf1+ 79. Ke4 Rb1 80. Bc5 Re1+ 81. Kf3 Rf1+ 82. Ke4 Re1+ 83. Be3 Kf6 84. Rb5 Re2 85. Kf3 Ra2 86. Bd4+ Kf7 87. f5 Ra4 88. Ke4 Ra2 89. Rb7 Ke8 90. f6 Nc6 91. f7+ Kf8 92. Bc5+ 1-0

[Event "Catalunya-chT GpA final"]
[Site "Barcelona"]
[Date "2015.03.21"]
[Round "9.2"]
[White "Iglesias, Jorge"]
[Black "Rahal, Michael"]
[Result "1/2-1/2"]
[WhiteElo "2292"]
[BlackElo "2355"]
[PlyCount "44"]
[EventDate "2015.03.14"]
[EventType "team-tourn"]
[EventRounds "11"]
[EventCountry "ESP"]
[SourceTitle "EXT 2016"]
[Source "ChessBase"]
[SourceDate "2015.10.08"]
[SourceVersion "1"]
[SourceVersionDate "2015.10.08"]
[SourceQuality "1"]
[WhiteTeam "Sant Josep de Badalona"]
[BlackTeam "Colon Sabadell"]
[WhiteTeamCountry "ESP"]
[BlackTeamCountry "ESP"]

1. e4 e6 2. d4 d5 3. Nc3 dxe4 4. Nxe4 Bd7 5. Bd3 Bc6 6. Nf3 Nd7 7. Bf4 Ngf6 8. Ned2 Be7 9. 0-0 Bxf3 10. Qxf3 c6 11. Qh3 Nd5 12. Be3 Nb4 13. Be4 Nf6 14. Qf3 Nxe4 15. Qxe4 Qd5 16. c3 Qxe4 17. Nxe4 Nd5 18. Bg5 f6 19. Bd2 b5 20. b3 Kf7 21. Rac1 Rhd8 22. Ra1 Ke8 1/2-1/2

[Event "Catalunya-chT Gp1"]
[Site "Barcelona"]
[Date "2015.02.14"]
[Round "4.1"]
[White "Iglesias, Jorge"]
[Black "Serra Pages, Jordi"]
[Result "1/2-1/2"]
[WhiteElo "2292"]
[BlackElo "2200"]
[PlyCount "35"]
[EventDate "2015.01.24"]
[EventType "team-tourn"]
[EventRounds "7"]
[EventCountry "ESP"]
[SourceTitle "CBM 164 Extra"]
[Source "ChessBase"]
[SourceDate "2015.03.02"]
[SourceVersion "1"]
[SourceVersionDate "2015.03.02"]
[SourceQuality "1"]
[WhiteTeam "Sant Josep de Badalona"]
[BlackTeam "Figueres"]
[WhiteTeamCountry "ESP"]
[BlackTeamCountry "ESP"]

1. d4 Nf6 2. c4 g6 3. Nc3 d5 4. Bf4 Bg7 5. e3 c5 6. dxc5 Qa5 7. Rc1 dxc4 8. Bxc4 0-0 9. Nf3 Qxc5 10. Bb3 Nc6 11. 0-0 Qa5 12. Qe2 Nh5 13. Bg5 Bg4 14. Bh4 g5 15. Bg3 Nxg3 16. hxg3 h6 17. Rfd1 Rad8 18. Qc2 1/2-1/2

[Event "Catalunya-chT Gp1"]
[Site "Barcelona"]
[Date "2015.02.07"]
[Round "3.1"]
[White "Oset Teixidor, Guerau"]
[Black "Iglesias, Jorge"]
[Result "0-1"]
[WhiteElo "1930"]
[BlackElo "2292"]
[PlyCount "88"]
[EventDate "2015.01.24"]
[EventType "team-tourn"]
[EventRounds "7"]
[EventCountry "ESP"]
[SourceTitle "CBM 164 Extra"]
[Source "ChessBase"]
[SourceDate "2015.03.02"]
[SourceVersion "1"]
[SourceVersionDate "2015.03.02"]
[SourceQuality "1"]
[WhiteTeam "Montcada"]
[BlackTeam "Sant Josep de Badalona"]
[WhiteTeamCountry "ESP"]
[BlackTeamCountry "ESP"]

1. d4 Nf6 2. Nf3 d6 3. Bf4 c6 4. c4 Bg4 5. Qb3 Qb6 6. Nbd2 Nbd7 7. e3 Nh5 8. Bd3 g6 9. h3 Bxf3 10. Nxf3 Nxf4 11. exf4 Bg7 12. 0-0 0-0 13. f5 Bxd4 14. fxg6 hxg6 15. Nxd4 Qxd4 16. Rad1 Nc5 17. Qc2 Qf6 18. f4 Kg7 19. Be2 Rh8 20. f5 g5 21. Rf3 Rag8 22. Rg3 Kf8 23. b4 Nd7 24. b5 Qe5 25. bxc6 bxc6 26. Rb3 Qc5+ 27. Kh2 g4 28. Qe4 gxh3 29. g4 Qf2+ 30. Kh1 Nc5 31. Rb8+ Kg7 32. Rxg8+ Rxg8 33. Qd4+ Qxd4 34. Rxd4 Kf6 35. Kh2 Rb8 36. Rd2 Ne4 37. Rc2 Ng5 38. Kg3 Rb1 39. Kh2 c5 40. Bd3 Re1 41. Rb2 Ke5 42. Rf2 Kd4 43. Bc2 Ke3 44. Re2+ Rxe2+ 0-1

[Event "Catalunya-chT Honor"]
[Site "Catalunya"]
[Date "2013.02.09"]
[Round "4.6"]
[White "Iglesias, Jorge"]
[Black "Serra Pages, Jordi"]
[Result "1/2-1/2"]
[WhiteElo "2332"]
[BlackElo "2213"]
[PlyCount "31"]
[EventDate "2013.01.19"]
[EventType "team-tourn"]
[EventRounds "11"]
[EventCountry "ESP"]
[SourceTitle "CBM 152 Extra"]
[Source "ChessBase"]
[SourceDate "2013.02.25"]
[SourceVersion "1"]
[SourceVersionDate "2013.02.25"]
[SourceQuality "1"]
[WhiteTeam "Badalona Sant Josep"]
[BlackTeam "Figueres"]
[WhiteTeamCountry "ESP"]
[BlackTeamCountry "ESP"]

1. d4 Nf6 2. c4 g6 3. Nf3 Bg7 4. g3 0-0 5. Bg2 d5 6. cxd5 Nxd5 7. 0-0 Nb6 8. Nc3 Nc6 9. e3 e5 10. d5 Na5 11. e4 c6 12. Re1 Qd6 13. Nd2 cxd5 14. Nxd5 Be6 15. Nb3 Nxb3 16. axb3 1/2-1/2